000 00245nam a2200097Ia 4500
008 190216s9999||||xx |||||||||||||| ||und||
100 _aKainikkara Kumara Pilla
245 0 _aMalayalam-Sahithyathinde Panthav
260 _bNbs Kottayam
942 _cBK
999 _c30319
_d30319